000 00340pam a2200157a 44500
008 230515b2000 xxu||||| |||| 00| 0 eng d
020 _a0
041 _aMARATHI
082 _a613 DHO
100 _aDHOBALE JOSTNA
245 _aAROGYA SAKAL SAMPDA
250 _aN.D.
260 _aPUNE
_bDELMAR
_c2000
300 _a102
650 _aN.D.
999 _c493110
_d493110